Újabb glosszák a konstantinápolyi rovásírásos magyar nyelvemlékhez befejező közlemény /

Elmentve itt :
Bibliográfiai részletek
Szerző: Sebestyén Gyula
Dokumentumtípus: Cikk
Megjelent: 1914
Sorozat:Ethnographia : a Magyarországi Néprajzi Társaság hivatalos értesítője
Kulcsszavak:Magyar nyelvemlék, Rovásírás, Székelyek eredete
Tárgyszavak:
Online Access:http://misc.bibl.u-szeged.hu/64664
LEADER 00862nab a2200217 i 4500
001 misc64664
005 20241004134051.0
008 230726s1914 hu o 000 hun d
040 |a SZTE Miscellanea Repozitórium  |b hun 
041 |a hun 
100 1 |a Sebestyén Gyula 
245 1 0 |a Újabb glosszák a konstantinápolyi rovásírásos magyar nyelvemlékhez   |h [elektronikus dokumentum] :  |b befejező közlemény /  |c  Sebestyén Gyula 
260 |c 1914 
300 |a [16] p.  |c 29 cm 
490 0 |a Ethnographia : a Magyarországi Néprajzi Társaság hivatalos értesítője 
561 |a Németh Gyula hagyaték 
591 |a NOA 5415 
650 4 |a Bölcsészettudományok 
650 4 |a Nyelvek és irodalom 
695 |a Magyar nyelvemlék, Rovásírás, Székelyek eredete 
856 4 0 |u http://misc.bibl.u-szeged.hu/64664/1/5415_noa.pdf  |z Dokumentum-elérés